| 000 | 01173cam a2200325 i 4500 | ||
|---|---|---|---|
| 001 | 24811 | ||
| 003 | Mx-PuUPA | ||
| 005 | 20250513125044.0 | ||
| 008 | 140415s1997 sp gr 001 0 spa d | ||
| 017 | _aVA-104/97 | ||
| 020 | _a8481641375 | ||
| 040 |
_aMx-PuUPA _bspa _cMx-PuUPA _dMx-PuUPA _erda |
||
| 041 | 0 | _aspa | |
| 100 | 1 |
_aNieto, Carlos, _d1947- _eautor _916937 |
|
| 245 | 1 | 3 |
_aLa conciencia lingüística de la filosofía : _bensayo de una crítica de la razón lingüística / _cCarlos Nieto Blanco |
| 264 | 1 |
_aMadrid, España : _bEditorial Trotta ; Fundación Marcelino Botín, _c©1997 |
|
| 300 |
_a359 páginas ; _c23 cm |
||
| 336 |
_2rdacontent _atexto _btxt |
||
| 337 |
_2rdamedia _asin medio _bn |
||
| 338 |
_2rdacarrier _avolumen _bnc |
||
| 490 | 0 | _aColección Estructuras y Procesos | |
| 490 | 0 | _aSerie Filosofía | |
| 650 | 7 |
_2armarc _aFilosofía del lenguaje ordinario _x |
|
| 650 | 7 |
_2armarc _aLenguaje y lenguas _xFilosofía |
|
| 650 | 7 |
_2armarc _aAnálisis (Filosofía) |
|
| 942 |
_2ddc _cLI _h401 _iN66 |
||
| 999 |
_c24811 _d24811 |
||